Genetic algorithms and investment strategies / (Record no. 18695)

000 -LEADER
fixed length control field 00662cam a2200205 a 4500
020 ## - INTERNATIONAL STANDARD BOOK NUMBER
ISBN 0471576794
040 ## - CATALOGING SOURCE
Transcribing agency DLC
082 00 - DEWEY DECIMAL CLASSIFICATION NUMBER
Classification number 332 WIL 1994 C151 Or.
100 1# - MAIN ENTRY--AUTHOR NAME
Personal name Bauer, Richard J.,
245 10 - TITLE STATEMENT
Title Genetic algorithms and investment strategies /
260 ## - PUBLICATION, DISTRIBUTION, ETC. (IMPRINT)
Place of publication New York :
Name of publisher Wiley,
Year of publication c1994.
300 ## - PHYSICAL DESCRIPTION
Number of Pages ix, 308 p. :
Other physical details ill. ;
Dimensions 24 cm.
650 #0 - SUBJECT ADDED ENTRY--TOPICAL TERM
Topical Term Investments
650 #0 - SUBJECT ADDED ENTRY--TOPICAL TERM
Topical Term Investment analysis
650 #0 - SUBJECT ADDED ENTRY--TOPICAL TERM
Topical Term Genetic algorithms.
856 42 - ELECTRONIC LOCATION AND ACCESS
Uniform Resource Identifier http://www.loc.gov/catdir/bios/wiley044/93011984.html
856 42 - ELECTRONIC LOCATION AND ACCESS
Uniform Resource Identifier http://www.loc.gov/catdir/description/wiley037/93011984.html
856 4# - ELECTRONIC LOCATION AND ACCESS
Uniform Resource Identifier http://www.loc.gov/catdir/toc/onix03/93011984.html
942 ## - ADDED ENTRY ELEMENTS (KOHA)
Koha item type ADB
952 ## - LOCATION AND ITEM INFORMATION (KOHA)
Withdrawn status [LOCAL, KOHA] 0
Holdings
Source of acquisition Permanent Location Date acquired Koha item type Lost status Shelving location Current Location Full call number
A34179Library Block C2020-01-13សៀវភៅភាសាអង់គ្លេស C151Library Block C332 WIL 1994 C151 Or.
មជ្ឈមណ្ឌលឯការនៃសាកលវិទ្យាល័យភូមិន្ទកសិកម្មចំការដូង

Powered by Koha